Performance productivity and profit improvement: A consultant's approach (Record no. 25397)

MARC details
000 -LEADER
fixed length control field 00313nam a2200109Ia 4500
082 ## - DEWEY DECIMAL CLASSIFICATION NUMBER
Classification number 065.011
Item number NAD
100 ## - MAIN ENTRY--AUTHOR NAME
Personal name Nadkarni, G A
245 #0 - TITLE STATEMENT
Title Performance productivity and profit improvement: A consultant's approach
260 ## - PUBLICATION, DISTRIBUTION, ETC. (IMPRINT)
Place of publication Bombay
Name of publisher Nimbkar
Year of publication 1976
942 ## - ADDED ENTRY ELEMENTS (KOHA)
Koha item type Books
Holdings
Withdrawn status Lost status Damaged status Not for loan Home library Current library Date acquired Cost, normal purchase price Full call number Accession Number Koha item type
        RRII Library RRII Library 16/12/2021 200.00 065.011 NAD 06055 Books